Cancionero musical de Lope de Vega

保存先:
書誌詳細
第一著者: Querol Gavaldá, Miguel (著者)
団体著者: Instituto Español de Musicología (著者)
フォーマット: 図書
言語:スペイン語
出版事項: Barcelona Instituto Español de Musicología 1986
シリーズ:Cancioneros musicales de poetas del siglo de oro, 2
主題:
タグ: タグ追加
タグなし, このレコードへの初めてのタグを付けませんか!

MARC

LEADER 00000nam a2200000 a 4500
001 UCY0148
003 CL-VaPUC
008 940714e19860000SP |||||||||||||||||spa|d
082 0 4 |a 782.42  |b QUE  |2 21 
100 0 |a Querol Gavaldá, Miguel  |e author  |9 327769 
110 2 |a Instituto Español de Musicología  |e author  |9 327770 
245 1 0 |a Cancionero musical de Lope de Vega 
300 |a v 
942 |c BK 
945 |d 19940714 00:00:00  |a oaravena 
260 |a Barcelona  |b Instituto Español de Musicología  |c 1986 
500 |a v.1: poesias cantadas en las novelas 
650 7 |a CANCIONEROS  |2 CL-VaPUC  |9 327771 
650 0 |a Música siglo 16  |9 306756 
650 0 |a Antologías  |9 309836 
651 0 |a España  |9 254926 
583 |a last modification  |c 20160817 04:12:36  |k Rodrigo Vera 
490 0 |a Cancioneros musicales de poetas del siglo de oro, 2 
999 |c 229230  |d 229228 
952 |0 0  |1 0  |4 0  |6 782_420000000000000_QUE_1986  |7 0  |8 F  |9 230088  |a BIBEDU  |b BIBEDU  |d 2019-11-15  |h v.1  |i 2983869  |o 782.42 QUE 1986  |p 2983869  |r 2023-01-12  |w 2019-11-15  |y BK_F  |k MUS